Informe sobre la situación de los derechos humanos en El Salvador
Αποθηκεύτηκε σε:
| Συγγραφή απο Οργανισμό/Αρχή: | |
|---|---|
| Μορφή: | Βιβλίο |
| Γλώσσα: | Ισπανικά |
| Έκδοση: |
Washington, D.C
Secretaria General, Organización de los Estados Americanos
1994
|
| Θέματα: | |
| Ετικέτες: |
Προσθήκη ετικέτας
Δεν υπάρχουν, Καταχωρήστε ετικέτα πρώτοι!
|
MARC
| LEADER | 00000nam a2200000 a 4500 | ||
|---|---|---|---|
| 001 | UCY1346 | ||
| 003 | CL-VaPUC | ||
| 008 | 940830e19940000US |||||||||||||||||spa|d | ||
| 082 | 0 | 4 | |a 323.4 |b OEA |2 21 |
| 110 | 2 | |a OEA |e author |9 329301 | |
| 245 | 1 | 0 | |a Informe sobre la situación de los derechos humanos en El Salvador |
| 300 | |a 87 p | ||
| 942 | |c BK | ||
| 945 | |d 19940830 00:00:00 |a aalvarez | ||
| 260 | |a Washington, D.C |b Secretaria General, Organización de los Estados Americanos |c 1994 | ||
| 650 | 0 | |a Derechos humanos |9 223025 | |
| 651 | 7 | |a EL SALVADOR |2 CL-VaPUC |9 257726 | |
| 583 | |a last modification |c 19940830 00:00:00 |k Rodrigo Vera | ||
| 999 | |c 230080 |d 230078 | ||
| 952 | |0 0 |1 0 |4 0 |6 323_400000000000000_OEA_1994 |7 0 |8 A |9 231971 |a BIBDER |b BIBDER |d 2019-11-15 |i 3004368 |o 323.4 OEA 1994 |p 3004368 |r 2023-01-25 |w 2019-11-15 |y BK |k DER | ||
| 952 | |0 0 |1 0 |4 0 |6 323_400000000000000_OEA_1994 |7 0 |8 A |9 231972 |a BIBHIS |b BIBHIS |d 2019-11-15 |i 1209531 |o 323.4 OEA 1994 |p 1209531 |r 2025-01-20 |w 2019-11-15 |y BK |k HIS | ||